000 00365nam a22001457a 4500
020 _qPB.
040 _cFIZZA ISHAQ
082 _a305.800
_bELD
100 _aElder, Janet.
_9133816
245 _aOpening Doors /
_cJanet Elder.
250 _a7TH ED.
260 _aNew York:
_bMcGraw-Hill Higher Education,
_c2014.
300 _a831 P. ;
_c9 X 7 in
942 _2ddc
_cBK
999 _c616784
_d616784